| 000 | 00952 a2200313 4500 | ||
|---|---|---|---|
| 999 |
_c200131043 _d30320 |
||
| 001 | 200131043 | ||
| 003 | TR-AnTOB | ||
| 005 | 20240925073654.0 | ||
| 008 | 131217s tu 000 0 | ||
| 020 | _a9786055340049 | ||
| 040 |
_aTR-AnTOB _cTR-AnTOB |
||
| 041 | 1 |
_atur _heng |
|
| 050 | 0 | 0 |
_aPL248.S45. _bB47 2011 |
| 090 | _aPL248.S45.B47 2011 | ||
| 100 | 1 |
_aŞentekin, Derviş _994737 |
|
| 245 | 1 | 0 |
_aBeş parasızdım ve kadın çok güzeldi / _cDerviş Şentekin. |
| 264 | 1 |
_aİstanbul : _bKırmızı Kedi, _c2011. |
|
| 300 |
_a376 s. ; _c20 cm. |
||
| 336 |
_2rdacontent _atext _btxt |
||
| 337 |
_2rdamedia _aunmediated _bn |
||
| 338 |
_2rdacarrier _avolume _bnc |
||
| 490 | 0 |
_aKırmızı Kedi Yayınevi ; _v99 _aTürk Edebiyatı ; _v17 |
|
| 650 | 0 | 0 |
_aTurkish fiction _97165 |
| 650 | 0 |
_aAuthors, Turkish _9125349 |
|
| 650 | 0 |
_aTurkish literature _97783 |
|
| 650 | 0 | 0 |
_aTürk edebiyatı _986354 |
| 650 | 0 | 7 |
_aTürk romanı _2etuturkob _99421 |
| 942 |
_cBK _2lcc |
||